000 00376nam a2200145Ia 4500
008 230917s9999||||xx |||||||||||||| ||und||
040 _e18133
_aMAIN
041 _aEnglish
082 _a332.673 A15F
100 _aAharoni, Yair
245 0 _aForeign investment decision process
260 _aBoston
_bHarvard University Press
_c1966
300 _axvii, 362 p.
942 _cBK
999 _c203068
_d203068